00430nam a2200145Ia 4500003000900000008004100009020002600050020002700076040001600103100002000119245002700139260003200166300002000198856006600218IN-BaIIA211028s9999 xx s 000 0 eng d a9781628412925 (Print) a9781628412932 (Online) cIIA Library aHartmann, Peter 0aOptical Glassh[eBook] aWashington, USAbSPIEc2014 aOnline resource uhttps://doi.org/10.1117/3.1002595yClick Here to Access eBook